| 000 | 00807nam a22002777a 4500 | ||
|---|---|---|---|
| 999 |
_c200434769 _d52981 |
||
| 003 | TR-AnTOB | ||
| 005 | 20190322123904.0 | ||
| 008 | 181217s2014 tu 000 0 tur d | ||
| 020 | _a9786188145511 | ||
| 040 |
_aTR-AnTOB _beng _erda _cTR-AnTOB |
||
| 041 | 0 | _aund | |
| 050 | 1 | _aPL95 | |
| 090 |
_aPL95 _b.O38 2014 |
||
| 245 | 0 | 0 |
_aOguz Sesi : _bbirinci kolverim. |
| 264 | 1 |
_aKomotēnē : _bGenç Gagauz Yazıcılar Birlii, _c2014. |
|
| 300 |
_a59 pages : _billustrations ; _c20 cm. |
||
| 336 |
_2rdacontent _atext _btxt |
||
| 337 |
_2rdamedia _aunmediated _bn |
||
| 338 |
_2rdacarrier _avolume _bnc |
||
| 490 | 0 |
_aBakeş yayınları: _v23 |
|
| 546 | _a In Gagauz. | ||
| 650 | 7 |
_aGagauz şiiri _2etuturkob _9123110 |
|
| 650 | 0 |
_aGagauz poetry _9123109 |
|
| 942 |
_2lcc _cBK |
||